00452cam a22001337a 4500008004000000082001600040100002200056245003900078260003600117300001300153650004600166999001900212952008700231180718b1963 xxu||||| |||| 00| 0 eng d aA6x55 W641c aWilber, Donald N. aContemporary.cby Donald N. Wilber aLondonbThames And Hudsonc1963 avi, 224p aIran -Politics and government -1941-1979. c412697d412697 00104070aIIPAbIIPAd2009-02-09oA6x55 W641cp33281r2018-07-21w2018-07-21yBK